[Event "28. Abierto Ciudad de Sevilla"]
[Site "Sevilla ESP"]
[Date "2003.01.14"]
[Round "5"]
[White "Fernandez Romero, Ernesto"]
[Black "Rausis, Igors"]
[Result "1/2-1/2"]
[WhiteElo "2396"]
[BlackElo "2541"]
[PlyCount "48"]
[EventDate "2003.01.18"]
[EventType "swiss"]
[EventRounds "9"]
[EventCountry "ESP"]
[Source "lmi"]
[SourceDate "2003.01.10"]

1. e4 c6 2. Nc3 d5 3. Nf3 Bg4 4. h3 Bh5 5. exd5 cxd5 6. Bb5+ Nc6 7. g4 Bg6 8.
Ne5 Qd6 9. d4 f6 10. Nxg6 hxg6 11. Qf3 O-O-O 12. Bxc6 Qxc6 13. Bf4 g5 14. Bg3
e6 15. O-O-O Bd6 16. h4 gxh4 17. Rxh4 Rxh4 18. Bxh4 Nh6 19. Bg3 Nf7 20. Bxd6
Nxd6 21. Re1 Re8 22. Qd3 Nc4 23. b3 Nd6 24. f4 g6 1/2-1/2

[Event "28. Abierto Ciudad de Sevilla"]
[Site "Sevilla ESP"]
[Date "2003.01.14"]
[Round "5"]
[White "Zhao, Jun"]
[Black "Barrios Muñoz, Antonio"]
[Result "1-0"]
[WhiteElo "2421"]
[BlackElo "2149"]
[PlyCount "56"]
[EventDate "2003.01.18"]
[EventType "swiss"]
[EventRounds "9"]
[EventCountry "ESP"]
[Source "lmi"]
[SourceDate "2003.01.10"]

1. e4 c5 2. Nf3 Nc6 3. Bb5 g6 4. Bxc6 dxc6 5. d3 Bg7 6. h3 Qc7 7. Nc3 Nf6 8.
Be3 b6 9. Qd2 h6 10. O-O-O Be6 11. d4 Rd8 12. Bf4 Qc8 13. Qe3 c4 14. Rhe1 Qb7
15. Ne5 b5 16. Nxc6 Qxc6 17. d5 Qa6 18. dxe6 Rxd1+ 19. Rxd1 fxe6 20. Qc5 O-O
21. Qxe7 b4 22. Qxb4 Nxe4 23. Nxe4 Rxf4 24. Rd8+ Rf8 25. Nf6+ Kf7 26. Rd7+ Kxf6
27. Qe7+ Kf5 28. Qxg7 Qc8 1-0

[Event "28. Abierto Ciudad de Sevilla"]
[Site "Sevilla ESP"]
[Date "2003.01.14"]
[Round "5"]
[White "Lin, Ta"]
[Black "Queimadelos Garcia, Victor"]
[Result "1-0"]
[WhiteElo "2360"]
[BlackElo "2124"]
[PlyCount "45"]
[EventDate "2003.01.18"]
[EventType "swiss"]
[EventRounds "9"]
[EventCountry "ESP"]
[Source "lmi"]
[SourceDate "2003.01.10"]

1. d4 d5 2. c4 e6 3. Nc3 Nf6 4. cxd5 exd5 5. Bg5 Be7 6. e3 c6 7. Bd3 O-O 8. Qc2
Nbd7 9. Nge2 Re8 10. O-O-O Nf8 11. h3 g6 12. g4 Ne6 13. Bh6 Bf8 14. Bxf8 Nxf8
15. Kb1 Ne6 16. Ng3 Ng5 17. f3 Nxf3 18. Qf2 Ng5 19. Qf4 Nxh3 20. Rxh3 Bxg4 21.
Rhh1 Qb8 22. Qxf6 Bxd1 23. Rxh7 1-0

[Event "28. Abierto Ciudad de Sevilla"]
[Site "Sevilla ESP"]
[Date "2003.01.14"]
[Round "5"]
[White "Matamoros Franco, Carlos S"]
[Black "Korneev, Oleg"]
[Result "1-0"]
[WhiteElo "2460"]
[BlackElo "2613"]
[PlyCount "47"]
[EventDate "2003.01.18"]
[EventType "swiss"]
[EventRounds "9"]
[EventCountry "ESP"]
[Source "lmi"]
[SourceDate "2003.01.10"]

1. c4 Nf6 2. Nc3 e5 3. Nf3 Nc6 4. a3 d5 5. cxd5 Nxd5 6. Qc2 Be7 7. e3 O-O 8.
Bb5 Bg4 9. Be2 Kh8 10. Ng5 Bxg5 11. Bxg4 f5 12. Bxf5 Nd4 13. exd4 exd4 14. Nxd5
Qxd5 15. Be4 d3 16. Bxd5 Rae8+ 17. Kf1 dxc2 18. d3 Bf6 19. Ra2 Bd4 20. f3 Be3
21. Ra1 Bd4 22. Be4 Rf6 23. Ke2 Re5 24. Ra2 1-0

[Event "28. Abierto Ciudad de Sevilla"]
[Site "Sevilla ESP"]
[Date "2003.01.14"]
[Round "5"]
[White "Pogorelov, Ruslan"]
[Black "Tissir, Mohamed"]
[Result "1-0"]
[WhiteElo "2517"]
[BlackElo "2366"]
[PlyCount "59"]
[EventDate "2003.01.18"]
[EventType "swiss"]
[EventRounds "9"]
[EventCountry "ESP"]
[Source "lmi"]
[SourceDate "2003.01.10"]

1. Nf3 Nf6 2. c4 c6 3. Nc3 d5 4. d4 dxc4 5. a4 Bf5 6. Ne5 Nbd7 7. Nxc4 Nb6 8.
Ne5 Nfd7 9. a5 Nxe5 10. axb6 Nd7 11. e4 Bg6 12. bxa7 Qb6 13. Be2 e5 14. dxe5
Nc5 15. O-O Nxe4 16. Be3 Qc7 17. Nxe4 Bxe4 18. Qd4 Bd5 19. Rfc1 Be6 20. Qb6
Qxb6 21. Bxb6 Be7 22. Bc4 Bxc4 23. Rxc4 Kd7 24. Rd4+ Ke6 25. Rad1 Rhc8 26. Rd7
c5 27. g3 c4 28. Rxb7 c3 29. bxc3 Rxc3 30. Rdd7 1-0

[Event "28. Abierto Ciudad de Sevilla"]
[Site "Sevilla ESP"]
[Date "2003.01.14"]
[Round "5"]
[White "Giese, Reinhard"]
[Black "Cabrera, Alexis"]
[Result "0-1"]
[WhiteElo "2216"]
[BlackElo "2478"]
[PlyCount "64"]
[EventDate "2003.01.18"]
[EventType "swiss"]
[EventRounds "9"]
[EventCountry "ESP"]
[Source "lmi"]
[SourceDate "2003.01.10"]

1. Nf3 Nf6 2. c4 g6 3. Nc3 Bg7 4. g3 O-O 5. Bg2 d6 6. O-O e5 7. d3 h6 8. Rb1 a5
9. a3 Re8 10. Qc2 Nc6 11. e4 g5 12. h3 Nh7 13. g4 h5 14. Nh2 hxg4 15. Nxg4 Nd4
16. Qd1 Nf8 17. b4 axb4 18. axb4 Ng6 19. b5 c6 20. Ne2 Bxg4 21. hxg4 Ra2 22.
Nxd4 exd4 23. bxc6 bxc6 24. Qb3 Ra8 25. Bf3 Be5 26. Be2 Qf6 27. f4 Bxf4 28.
Bxf4 Nxf4 29. Qc2 Kg7 30. Rb2 Rh8 31. Bf3 Rh3 32. Qd1 Qh6 0-1

[Event "28. Abierto Ciudad de Sevilla"]
[Site "Sevilla ESP"]
[Date "2003.01.14"]
[Round "5"]
[White "Estremera Panos, Sergio"]
[Black "Carrabeo Garcia, Manuel"]
[Result "1/2-1/2"]
[WhiteElo "2354"]
[BlackElo "2083"]
[PlyCount "50"]
[EventDate "2003.01.18"]
[EventType "swiss"]
[EventRounds "9"]
[EventCountry "ESP"]
[Source "lmi"]
[SourceDate "2003.01.10"]

1. d4 d5 2. c4 e6 3. Nf3 Nf6 4. Nc3 Be7 5. Bg5 O-O 6. e3 h6 7. Bh4 b6 8. Rc1
Bb7 9. Be2 c5 10. cxd5 Nxd5 11. Bxe7 Qxe7 12. Nxd5 exd5 13. dxc5 bxc5 14. O-O
Na6 15. Qa4 Nc7 16. Qh4 Qd6 17. Qg3 Qb6 18. b4 c4 19. Nd4 Nb5 20. Rfd1 Nxd4 21.
Rxd4 Qxb4 22. Rcd1 Qb2 23. R4d2 Qb4 24. Rd4 Qb2 25. R4d2 Qb4 1/2-1/2

[Event "28. Abierto Ciudad de Sevilla"]
[Site "Sevilla ESP"]
[Date "2003.01.14"]
[Round "5"]
[White "Garcia Luque, Agustin"]
[Black "Xu, Jun"]
[Result "0-1"]
[WhiteElo "2406"]
[BlackElo "2626"]
[PlyCount "122"]
[EventDate "2003.01.18"]
[EventType "swiss"]
[EventRounds "9"]
[EventCountry "ESP"]
[Source "lmi"]
[SourceDate "2003.01.10"]

1. Nf3 Nf6 2. g3 d5 3. Bg2 c6 4. b3 Bf5 5. Bb2 e6 6. d3 h6 7. Nbd2 Be7 8. e4
dxe4 9. dxe4 Nxe4 10. Nxe4 Qxd1+ 11. Kxd1 Bxe4 12. Bxg7 Rh7 13. Bb2 Na6 14. Ne1
O-O-O+ 15. Ke2 Bf5 16. a3 Nc5 17. Rd1 Rxd1 18. Kxd1 h5 19. h3 f6 20. Nf3 Be4
21. Ne1 Bg6 22. Nf3 Bd8 23. Kc1 Be4 24. Rd1 f5 25. Bd4 Nd7 26. h4 e5 27. Be3 f4
28. gxf4 exf4 29. Bd4 c5 30. Bc3 Bxf3 31. Bxf3 Bxh4 32. Rd5 Bxf2 33. Bxh5 Kc7
34. Rf5 b6 35. Kb2 Be3 36. a4 Kd6 37. Bf3 Ke7 38. Bd5 Rh4 39. Rf7+ Kd6 40. Bf3
Bd4 41. Bxd4 cxd4 42. Be4 a5 43. Ka3 Ke6 44. Rg7 Nc5 45. Ba8 Kf6 46. Rg8 Rh2
47. Bg2 d3 48. cxd3 Nxd3 49. b4 Nxb4 50. Kb3 Rh5 51. Rf8+ Kg5 52. Kc4 Kh4 53.
Rxf4+ Kg3 54. Rf6 Rc5+ 55. Kd4 Kxg2 56. Rxb6 Rc1 57. Rb5 Kf3 58. Rc5 Ra1 59.
Kc4 Rxa4 60. Kb5 Ra1 61. Rc8 Nd5 0-1

[Event "28. Abierto Ciudad de Sevilla"]
[Site "Sevilla ESP"]
[Date "2003.01.14"]
[Round "5"]
[White "Ruan, Lufei"]
[Black "Rizouk, Aimen"]
[Result "1/2-1/2"]
[WhiteElo "2246"]
[BlackElo "2519"]
[PlyCount "67"]
[EventDate "2003.01.18"]
[EventType "swiss"]
[EventRounds "9"]
[EventCountry "ESP"]
[Source "lmi"]
[SourceDate "2003.01.10"]

1. e4 c6 2. d4 d5 3. Nc3 dxe4 4. Nxe4 Bf5 5. Ng3 Bg6 6. h4 h6 7. Nf3 Nd7 8. h5
Bh7 9. Bd3 Bxd3 10. Qxd3 e6 11. Bf4 Ngf6 12. O-O-O Be7 13. Kb1 O-O 14. Ne4 Qa5
15. Nxf6+ Nxf6 16. Ne5 c5 17. g4 cxd4 18. g5 Nd5 19. Bd2 Nb4 20. Bxb4 Bxb4 21.
f4 Bd6 22. gxh6 Bxe5 23. fxe5 Qxe5 24. Rhg1 Qf5 25. Rxg7+ Kh8 26. Qxd4 e5 27.
Qe3 Rac8 28. Qe2 Rfd8 29. Rdg1 e4 30. Rf1 Rd2 31. Rxf5 Rxe2 32. a4 Rcxc2 33.
Rfxf7 Rxb2+ 34. Kc1 1/2-1/2

[Event "28. Abierto Ciudad de Sevilla"]
[Site "Sevilla ESP"]
[Date "2003.01.14"]
[Round "5"]
[White "Saldaño Dayer, Horacio"]
[Black "Insua Mellado, Jose Luis"]
[Result "1-0"]
[WhiteElo "2442"]
[BlackElo "2195"]
[PlyCount "81"]
[EventDate "2003.01.18"]
[EventType "swiss"]
[EventRounds "9"]
[EventCountry "ESP"]
[Source "lmi"]
[SourceDate "2003.01.10"]

1. Nf3 Nf6 2. c4 c5 3. Nc3 Nc6 4. g3 e5 5. Bg2 d6 6. O-O Be7 7. d3 O-O 8. Bg5
Be6 9. Bxf6 Bxf6 10. Ne1 Rb8 11. Rb1 Bg5 12. a3 a5 13. Nc2 Qd7 14. b4 axb4 15.
axb4 b6 16. e3 Bh3 17. Bxh3 Qxh3 18. f4 exf4 19. gxf4 Bf6 20. Nd5 Qh4 21. Qf3
Ne7 22. Ne1 Nxd5 23. Ng2 Qh6 24. Qxd5 Bc3 25. bxc5 dxc5 26. Qg5 Qd6 27. Rb3 Bf6
28. Qg3 Ra8 29. Rfb1 Ra2 30. Kh1 Rfa8 31. e4 Bd8 32. Ne3 g6 33. Nd5 Ra1 34.
R3b2 Rxb1+ 35. Rxb1 Ra2 36. Rf1 Qf8 37. f5 g5 38. f6 h6 39. h4 Kh8 40. hxg5 Qg8
41. g6 1-0

[Event "28. Abierto Ciudad de Sevilla"]
[Site "Sevilla ESP"]
[Date "2003.01.14"]
[Round "5"]
[White "Perez Garcia, Roberto"]
[Black "Zhou, Wile"]
[Result "0-1"]
[WhiteElo "2098"]
[BlackElo "2353"]
[PlyCount "112"]
[EventDate "2003.01.18"]
[EventType "swiss"]
[EventRounds "9"]
[EventCountry "ESP"]
[Source "lmi"]
[SourceDate "2003.01.10"]

1. e4 c5 2. Nf3 Nc6 3. d4 cxd4 4. Nxd4 g6 5. Nc3 Bg7 6. Be3 Nf6 7. Bc4 O-O 8.
Bb3 d6 9. f3 Bd7 10. Qd2 Rb8 11. Nd5 e6 12. Nxf6+ Qxf6 13. Rd1 a5 14. a3 Qh4+
15. Bf2 Qh5 16. Nxc6 Bxc6 17. Bd4 Bxd4 18. Qxd4 Bb5 19. c4 Ba6 20. a4 Rfd8 21.
O-O Rbc8 22. Ba2 Qc5 23. Qxc5 Rxc5 24. Rd4 e5 25. Rd5 Rxd5 26. exd5 b6 27. b3
Kg7 28. Re1 f5 29. Bb1 Bc8 30. Kf2 Kf6 31. g3 g5 32. h3 h5 33. Bd3 Rh8 34. Bf1
g4 35. fxg4 hxg4 36. hxg4 fxg4 37. Bg2 Bf5 38. Re2 Rh7 39. Rb2 Rh2 40. Kg1 Rh8
41. Kf2 Rh7 42. Rd2 Kg5 43. Kg1 Rf7 44. Rf2 Rf6 45. Rd2 Bg6 46. Re2 Bd3 47. Re3
Bc2 48. Rc3 Bd1 49. Rd3 Bf3 50. Re3 Rf8 51. Bf1 e4 52. b4 Kf5 53. bxa5 bxa5 54.
Rb3 Ke5 55. Rb5 e3 56. Rb3 Ke4 0-1

[Event "28. Abierto Ciudad de Sevilla"]
[Site "Sevilla ESP"]
[Date "2003.01.14"]
[Round "5"]
[White "Van der Plas, Rob"]
[Black "Tiviakov, Sergei"]
[Result "0-1"]
[WhiteElo "2217"]
[BlackElo "2635"]
[PlyCount "156"]
[EventDate "2003.01.18"]
[EventType "swiss"]
[EventRounds "9"]
[EventCountry "ESP"]
[Source "lmi"]
[SourceDate "2003.01.10"]

1. d4 Nf6 2. c4 e6 3. Nc3 Bb4 4. Qc2 O-O 5. a3 Bxc3+ 6. Qxc3 b6 7. f3 d5 8. Bg5
dxc4 9. Qxc4 Ba6 10. Qa4 Qe7 11. e4 Bxf1 12. Kxf1 e5 13. Ne2 exd4 14. Bxf6 Qxf6
15. Qxd4 Qe7 16. Kf2 c5 17. Qa4 Nd7 18. Rhd1 Ne5 19. Kf1 Qh4 20. Kg1 Qg5 21. f4
Qg4 22. Qc2 Nf3+ 23. Kh1 Nh4 24. Ng1 Ng6 25. g3 Rae8 26. Re1 f6 27. Rad1 Re7
28. Qe2 Qc8 29. Nf3 Rfe8 30. Qc4+ Kh8 31. Rd3 Qc6 32. Qd5 Qb5 33. Rb3 Qa4 34.
Rd3 h6 35. Rde3 Kh7 36. Qf5 Qd7 37. Qxd7 Rxd7 38. R1e2 Ne7 39. Kg2 Nc6 40. Kf2
Rde7 41. e5 fxe5 42. Nxe5 Nxe5 43. Rxe5 Rxe5 44. fxe5 Kg6 45. g4 Kf7 46. Kf3
Rd8 47. h4 Rd3+ 48. Kf4 Rd4+ 49. Kg3 Ke6 50. h5 b5 51. Rf2 Rd7 52. Rf8 Kxe5 53.
Rb8 a6 54. Ra8 Rd6 55. Rg8 Kf6 56. Rf8+ Ke6 57. Rg8 Kf7 58. Ra8 c4 59. Kf4 Ke6
60. Ke4 Kf6 61. Kf4 Rd4+ 62. Kf3 Kg5 63. Ra7 Rf4+ 64. Ke3 Rxg4 65. Rxg7+ Kxh5
66. Ra7 Rg6 67. Kd4 Kg4 68. a4 h5 69. axb5 axb5 70. Ra1 h4 71. Rg1+ Kh5 72. Rh1
Rg2 73. Kc3 Kg4 74. b4 cxb3 75. Kxb3 h3 76. Rd1 h2 77. Rd4+ Kh3 78. Rd8 Rg3+
0-1

[Event "28. Abierto Ciudad de Sevilla"]
[Site "Sevilla ESP"]
[Date "2003.01.14"]
[Round "5"]
[White "Rustemov, Alexander"]
[Black "Li, Wenliang"]
[Result "1/2-1/2"]
[WhiteElo "2604"]
[BlackElo "2497"]
[PlyCount "148"]
[EventDate "2003.01.18"]
[EventType "swiss"]
[EventRounds "9"]
[EventCountry "ESP"]
[Source "lmi"]
[SourceDate "2003.01.10"]

1. Nf3 Nf6 2. c4 b6 3. g3 Bb7 4. Bg2 e6 5. O-O Be7 6. Nc3 O-O 7. d4 Ne4 8. Bd2
Bf6 9. Qc2 Nxd2 10. Qxd2 d6 11. Rad1 Nd7 12. d5 e5 13. e4 a5 14. h4 g6 15. h5
Bg7 16. Bh3 Nf6 17. hxg6 hxg6 18. Kg2 Ba6 19. Qe2 Bh6 20. a4 Kg7 21. Nb5 Rh8
22. Ne1 Qe7 23. Nd3 Bb7 24. Nc3 c6 25. Rh1 cxd5 26. cxd5 Ba6 27. Ra1 Nd7 28.
Nb5 Nc5 29. Nxc5 bxc5 30. Bg4 Rab8 31. Qc4 Bd2 32. Qc2 Bb4 33. Be2 Rxh1 34.
Rxh1 Rh8 35. Rxh8 Kxh8 36. Bc4 Kg7 37. Qe2 Bc8 38. Qf3 Bd7 39. Bd3 Be8 40. Kh2
Bd7 41. Bf1 Qf8 42. Qe3 Qe7 43. Bh3 Be8 44. Qe2 Qf6 45. Kg2 Qe7 46. Qc4 Qd8 47.
Kf1 Qf6 48. Bg4 Qe7 49. b3 Kf8 50. Qc1 Kg7 51. Ke2 Qd8 52. Kd3 c4+ 53. Qxc4 Qb6
54. Ke2 Bc5 55. f4 Bxb5 56. Qxb5 Qxb5+ 57. axb5 f6 58. Kf3 Bb6 59. Bd7 Kh6 60.
Kg4 Bd8 61. Be8 Bb6 62. Kf3 Kg7 63. Ke2 Kh6 64. Kd3 Kg7 65. Kc4 Kh6 66. Kc3 Kg7
67. b4 axb4+ 68. Kxb4 Kh6 69. Kc4 Kg7 70. Kd3 Kh6 71. Ke2 Kg7 72. Kf3 Kh6 73.
Kg4 Bd8 74. f5 g5 1/2-1/2

[Event "28. Abierto Ciudad de Sevilla"]
[Site "Sevilla ESP"]
[Date "2003.01.14"]
[Round "5"]
[White "Ivanov, Jordan"]
[Black "Bernard, Jacques"]
[Result "0-1"]
[WhiteElo "2446"]
[BlackElo "2201"]
[PlyCount "116"]
[EventDate "2003.01.18"]
[EventType "swiss"]
[EventRounds "9"]
[EventCountry "ESP"]
[Source "lmi"]
[SourceDate "2003.01.10"]

1. c4 Nf6 2. Nf3 g6 3. Nc3 d5 4. Qa4+ Bd7 5. Qb3 Bc6 6. Ne5 dxc4 7. Qxc4 e6 8.
Nxc6 Nxc6 9. g3 Qd4 10. Qb5 Qb6 11. Bg2 Bg7 12. d3 O-O 13. Be3 Qxb5 14. Nxb5
Nb4 15. Kd2 Nbd5 16. Bc5 Rfd8 17. e4 Nb6 18. Rac1 c6 19. Nd6 Rd7 20. e5 Nfd5
21. f4 Bf8 22. Ne4 Rad8 23. Ke2 Kg7 24. a3 Na4 25. Bxf8+ Kxf8 26. Rc2 Ne7 27.
Nd6 Nf5 28. Nxf5 gxf5 29. Rd1 Ke7 30. b3 Nb6 31. Rc5 Nd5 32. b4 f6 33. exf6+
Kxf6 34. Bxd5 Rxd5 35. Rxd5 Rxd5 36. d4 a5 37. Kd3 a4 38. Rc1 Rd6 39. b5 cxb5
40. Rc5 b4 41. axb4 b6 42. Rc7 b5 43. Rxh7 Ra6 44. Rc7 a3 45. Rc1 a2 46. Ra1
Ra3+ 47. Kc2 Rf3 48. Kb2 Rf2+ 49. Kb3 Rxh2 50. Rxa2 Rxa2 51. Kxa2 Kg6 52. Kb3
Kh5 53. Kc3 Kg4 54. d5 exd5 55. Kd4 Kxg3 56. Kc5 d4 57. Kxd4 Kxf4 58. Kc5 Ke4
0-1

[Event "28. Abierto Ciudad de Sevilla"]
[Site "Sevilla ESP"]
[Date "2003.01.14"]
[Round "5"]
[White "Lopez Rodriguez, Fernando"]
[Black "Valdes, Leonardo"]
[Result "1-0"]
[WhiteElo "2152"]
[BlackElo "2407"]
[PlyCount "103"]
[EventDate "2003.01.18"]
[EventType "swiss"]
[EventRounds "9"]
[EventCountry "ESP"]
[Source "lmi"]
[SourceDate "2003.01.10"]

1. d4 Nf6 2. c4 g6 3. Nc3 d5 4. Bf4 Bg7 5. e3 c5 6. dxc5 Qa5 7. Rc1 dxc4 8.
Bxc4 O-O 9. Nge2 Na6 10. a3 Qxc5 11. Qb3 Qa5 12. Qa2 Nh5 13. b4 Qd8 14. Rd1 Qe8
15. Bb5 Be6 16. Qxe6 fxe6 17. Bxe8 Nxf4 18. exf4 Raxe8 19. O-O Rd8 20. Nb5 Bb2
21. Nec3 Bxc3 22. Nxc3 Nc7 23. g3 h6 24. Rfe1 Kf7 25. Kg2 b6 26. Kf3 Rxd1 27.
Rxd1 Rc8 28. Ke3 Ne8 29. Ne4 Rc4 30. Rd4 Rc1 31. Ke2 Ra1 32. Rd3 Ra2+ 33. Kf1
Nc7 34. Nd2 Nb5 35. Nc4 Ke8 36. Kg2 Kf7 37. h4 Kf6 38. g4 Nd6 39. Nxd6 exd6 40.
Rxd6 Rxa3 41. Rd7 h5 42. g5+ Kf5 43. Rf7+ Kg4 44. Rf6 Kxh4 45. Rxg6 Kg4 46.
Rxe6 h4 47. g6 h3+ 48. Kh2 Rf3 49. Re1 Rxf2+ 50. Kh1 Kf3 51. g7 Rg2 52. Rg1 1-0

[Event "28. Abierto Ciudad de Sevilla"]
[Site "Sevilla ESP"]
[Date "2003.01.14"]
[Round "5"]
[White "Oñate Mendez, Elias"]
[Black "Teran Alvarez, Ismael"]
[Result "0-1"]
[WhiteElo "2137"]
[BlackElo "2404"]
[PlyCount "135"]
[EventDate "2003.01.18"]
[EventType "swiss"]
[EventRounds "9"]
[EventCountry "ESP"]
[Source "lmi"]
[SourceDate "2003.01.10"]

1. d4 d5 2. e4 dxe4 3. Nc3 c6 4. Nxe4 Nf6 5. Nxf6+ gxf6 6. Ne2 Bf5 7. Ng3 Bg6
8. c3 Nd7 9. h4 h5 10. Bd3 Bxd3 11. Qxd3 Qa5 12. Qf5 Qxf5 13. Nxf5 e6 14. Ne3
f5 15. a4 Nf6 16. Nc4 Nd5 17. Ke2 c5 18. dxc5 Bxc5 19. Be3 Rc8 20. g3 Rg8 21.
Bxc5 Rxc5 22. Ne3 Nxe3 23. Kxe3 Rg4 24. Rhd1 Rcc4 25. a5 Ke7 26. Kf3 f4 27. Ra3
fxg3 28. fxg3 Rc7 29. Rb3 Ra4 30. Rb5 f5 31. Re1 Kf6 32. Rbe5 Rc6 33. R1e3 a6
34. b4 Ra3 35. Kf2 Ra2+ 36. Ke1 Rb2 37. Kd1 Rg2 38. c4 Rxg3 39. Rxe6+ Rxe6 40.
Rxg3 Re4 41. b5 Rxc4 42. bxa6 bxa6 43. Rb3 Re4 44. Rb6+ Re6 45. Rb4 Ke7 46.
Rb7+ Kd6 47. Rh7 Ke5 48. Rxh5 Kf4 49. Rg5 Re5 50. Rg6 Rxa5 51. h5 Kf3 52. h6 f4
53. Rb6 Ra1+ 54. Kd2 Rh1 55. Rxa6 Kf2 56. Kd3 f3 57. Rf6 Rh4 58. Kd2 Rh5 59.
Kd3 Rh4 60. Kc3 Ke2 61. Re6+ Kf1 62. Rf6 f2 63. Kd3 Ke1 64. Re6+ Kd1 65. Rf6
Rh3+ 66. Kd4 Ke2 67. Re6+ Kf1 68. Rf6 0-1

[Event "28. Abierto Ciudad de Sevilla"]
[Site "Sevilla ESP"]
[Date "2003.01.14"]
[Round "5"]
[White "Beisteiner, Gerhard"]
[Black "Calle Fuentes, Julio"]
[Result "1-0"]
[WhiteElo "1800"]
[BlackElo "1350"]
[PlyCount "45"]
[EventDate "2003.01.18"]
[EventType "swiss"]
[EventRounds "9"]
[EventCountry "ESP"]
[Source "lmi"]
[SourceDate "2003.01.10"]

1. e4 e5 2. Ne2 Nf6 3. Ng3 Nc6 4. Bc4 d6 5. a4 Be7 6. d3 Na5 7. Ba2 c5 8. Nc3
Qb6 9. Rb1 Bd7 10. O-O O-O 11. Bg5 h6 12. Bxf6 Bxf6 13. Nd5 Qd8 14. Nh5 Bg5 15.
f4 exf4 16. Nhxf4 Bxa4 17. Rc1 Bc6 18. Qh5 Qd7 19. Ne3 Bf6 20. Ng4 Bxb2 21.
Nxh6+ gxh6 22. Qg6+ Bg7 23. Nh5 1-0

[Event "28. Abierto Ciudad de Sevilla"]
[Site "Sevilla ESP"]
[Date "2003.01.15"]
[Round "6"]
[White "Xu, Jun"]
[Black "Campora Perez, Daniel"]
[Result "1/2-1/2"]
[WhiteElo "2626"]
[BlackElo "2505"]
[PlyCount "34"]
[EventDate "2003.01.18"]
[EventType "swiss"]
[EventRounds "9"]
[EventCountry "ESP"]
[Source "lmi"]
[SourceDate "2003.01.10"]

1. d4 Nf6 2. c4 e6 3. Nf3 b6 4. g3 Ba6 5. b3 b5 6. cxb5 Bxb5 7. Bg2 d5 8. O-O
Nbd7 9. Re1 Bb4 10. Bd2 c5 11. Nc3 Ba6 12. dxc5 Bxc5 13. Na4 Be7 14. Nd4 Rc8
15. Rc1 Bb7 16. Rxc8 Qxc8 17. Qb1 O-O 1/2-1/2

[Event "28. Abierto Ciudad de Sevilla"]
[Site "Sevilla ESP"]
[Date "2003.01.15"]
[Round "6"]
[White "Rodriguez Lopez, Rafael"]
[Black "Lalic, Bogdan"]
[Result "0-1"]
[WhiteElo "2263"]
[BlackElo "2547"]
[PlyCount "42"]
[EventDate "2003.01.18"]
[EventType "swiss"]
[EventRounds "9"]
[EventCountry "ESP"]
[Source "lmi"]
[SourceDate "2003.01.10"]

1. c4 e5 2. e3 g6 3. d4 d6 4. Nc3 Nd7 5. g3 Bg7 6. Bg2 Ngf6 7. Nge2 O-O 8. h3
c6 9. b3 Re8 10. Qc2 exd4 11. exd4 d5 12. cxd5 Nxd5 13. Nxd5 cxd5 14. O-O Nf6
15. Bf4 Bf5 16. Qb2 Qd7 17. g4 Bd3 18. Rfe1 h5 19. g5 Ne4 20. f3 Nxg5 21. Bxg5
Bxe2 0-1

[Event "28. Abierto Ciudad de Sevilla"]
[Site "Sevilla ESP"]
[Date "2003.01.15"]
[Round "6"]
[White "Eisen, Lewis"]
[Black "Zhao, Jun"]
[Result "0-1"]
[WhiteElo "2242"]
[BlackElo "2421"]
[PlyCount "58"]
[EventDate "2003.01.18"]
[EventType "swiss"]
[EventRounds "9"]
[EventCountry "ESP"]
[Source "lmi"]
[SourceDate "2003.01.10"]

1. e4 c5 2. Nf3 d6 3. d4 Nf6 4. Nc3 cxd4 5. Nxd4 a6 6. Bc4 e6 7. Bb3 Nbd7 8.
Bg5 Nc5 9. f4 Be7 10. Qf3 Qc7 11. O-O-O b5 12. f5 b4 13. fxe6 Nxb3+ 14. axb3
bxc3 15. exf7+ Kxf7 16. Bxf6 Bxf6 17. e5 dxe5 18. Qd5+ Kg6 19. Qe4+ Kh6 20. Nf3
Bb7 21. Qe3+ Kg6 22. bxc3 Rhd8 23. h4 Kf7 24. Rdf1 Kg8 25. Ng5 Bxg2 26. Rxf6
Bxh1 27. Rf1 Bg2 28. Rf2 Qa5 29. Kb2 Rd1 0-1

[Event "28. Abierto Ciudad de Sevilla"]
[Site "Sevilla ESP"]
[Date "2003.01.15"]
[Round "6"]
[White "Korneev, Oleg"]
[Black "Oliva del Amo, Antonio J"]
[Result "1-0"]
[WhiteElo "2613"]
[BlackElo "2229"]
[PlyCount "91"]
[EventDate "2003.01.18"]
[EventType "swiss"]
[EventRounds "9"]
[EventCountry "ESP"]
[Source "lmi"]
[SourceDate "2003.01.10"]

1. e4 c5 2. Nf3 e6 3. d4 cxd4 4. Nxd4 a6 5. Bd3 Bc5 6. Nb3 Ba7 7. O-O Nc6 8. c4
Nge7 9. Nc3 O-O 10. Bg5 d6 11. Rc1 e5 12. Qd2 Be6 13. Rfd1 Rc8 14. Nd5 f6 15.
Be3 Bxe3 16. Qxe3 f5 17. exf5 Bxf5 18. Be4 Bxe4 19. Qxe4 Nf5 20. c5 Nfd4 21.
Nxd4 Nxd4 22. Rxd4 exd4 23. Ne7+ Kh8 24. Nxc8 Qxc8 25. Qxd4 dxc5 26. Qxc5 Qd8
27. g3 h6 28. Kg2 Qf6 29. Rc3 Rd8 30. a3 b5 31. b4 Kh7 32. h4 Rd2 33. Rf3 Qe6
34. h5 Qd5 35. Qxd5 Rxd5 36. g4 g6 37. Rf7+ Kg8 38. hxg6 Rg5 39. Kh3 Rxg6 40.
Ra7 Rc6 41. Kh4 Rd6 42. f4 Rf6 43. f5 Rd6 44. Kh5 Kf8 45. Rh7 Rd3 46. Kg6 1-0

[Event "28. Abierto Ciudad de Sevilla"]
[Site "Sevilla ESP"]
[Date "2003.01.15"]
[Round "6"]
[White "Martin Vazquez, Jose Miguel"]
[Black "Garcia Luque, Agustin"]
[Result "0-1"]
[WhiteElo "2218"]
[BlackElo "2406"]
[PlyCount "80"]
[EventDate "2003.01.18"]
[EventType "swiss"]
[EventRounds "9"]
[EventCountry "ESP"]
[Source "lmi"]
[SourceDate "2003.01.10"]

1. d4 Nf6 2. Nf3 g6 3. c4 Bg7 4. Nc3 O-O 5. e4 d6 6. h3 Na6 7. Be3 e5 8. dxe5
dxe5 9. Qxd8 Rxd8 10. Nd2 c6 11. O-O-O Be6 12. c5 Bf8 13. Bxa6 bxa6 14. b3 Rdb8
15. Kb2 Rb4 16. a3 Rb7 17. Ka2 Nd7 18. Na4 Rb5 19. Rc1 Rab8 20. Rc3 f5 21. f3
fxe4 22. fxe4 Ra5 23. Nc4 Rxa4 24. bxa4 Bxc5 25. Ka1 Bd4 26. Bxd4 exd4 27. Rc2
c5 28. Rb1 Rc8 29. Rbc1 Kg7 30. Nd6 Rc6 31. Nb7 Bb3 32. Rxc5 Nxc5 33. Nxc5 Bxa4
34. Kb2 Rb6+ 35. Ka2 Be8 36. a4 a5 37. Ka3 Bf7 38. Rd1 Rc6 39. Nb7 Rc3+ 40. Kb2
Rb3+ 0-1

[Event "28. Abierto Ciudad de Sevilla"]
[Site "Sevilla ESP"]
[Date "2003.01.15"]
[Round "6"]
[White "Tissir, Mohamed"]
[Black "San Jose Candalija, Eduardo"]
[Result "1-0"]
[WhiteElo "2366"]
[BlackElo "2106"]
[PlyCount "57"]
[EventDate "2003.01.18"]
[EventType "swiss"]
[EventRounds "9"]
[EventCountry "ESP"]
[Source "lmi"]
[SourceDate "2003.01.10"]

1. e4 e6 2. d4 d5 3. Nd2 c5 4. Ngf3 Nf6 5. e5 Nfd7 6. c3 Nc6 7. Bd3 Qb6 8. O-O
g6 9. Re1 Bg7 10. b3 cxd4 11. cxd4 Nxd4 12. Ba3 Nb5 13. Bb2 Nc5 14. Bf1 a5 15.
a4 Na7 16. Bd4 Nc6 17. Be3 Qb4 18. Rc1 b6 19. Bb5 Bd7 20. Nc4 dxc4 21. Rxc4
Qxb3 22. Qd6 Rc8 23. Rd1 Bf8 24. Qd2 Rc7 25. Nd4 Nxd4 26. Rxd4 Bg7 27. Rxd7
Nxd7 28. Bxd7+ Kf8 29. Bxe6 1-0